000 00466nam a2200169Ia 4500
999 _c13034
_d13034
003 OSt
005 20201106105121.0
008 190216s9999||||xx |||||||||||||| ||und||
040 _coclc
082 _a823.8
_bDIC/O
100 _aDickens, Charles
_94855
245 0 _aOliver Twist /
_cCharles Dickens
260 _bMoohim Publicaion,
_aMadras:
_c1981.
300 _a138p
650 _aEnglish
942 _cBK
_2ddc
_h823.8
_iDIC/O
_k823.8
_mDIC/O